Statistics for U.S. Cities Over 100,000 - L

Click here to take the quiz!

General Stats

  • This quiz has been taken 140 times
    (121 since last reset)
  • The average score is 9 of 15

Answer Stats

Pop.City% Correct
3,792,621Los Angeles
99%
583,756Las Vegas
90%
597,337Louisville
84%
295,803Lexington
80%
236,091Laredo
72%
229,573Lubbock
65%
109,563Lansing
59%
101,759Las Cruces
58%
470,130Long Beach
58%
120,623Lafayette
57%
258,379Lincoln
54%
193,524Little Rock
49%
154,393Lakewood
37%
106,519Lowell
37%
106,420Lakeland
35%

Score Distribution

Percentile by Number Answered

Percent of People with Each Score

Your Score History

You have not taken this quiz since the last reset